Statistics for Královéhradecký kraj - obce nad 5 tisíc obyvatel

Click here to take the quiz!

General Stats

  • This quiz has been taken 269 times
  • The average score is 14 of 22

Answer Stats

Počet obyvatelObec% Correct
90 266Hradec Králové
100%
19 503Náchod
92%
30 393Trutnov
92%
15 687Jičín
85%
10 846Rychnov nad Kněžnou
85%
15 588Dvůr Králové nad Labem
75%
12 315Jaroměř
74%
8 331Hořice
68%
7 542Broumov
64%
12 218Vrchlabí
64%
6 674Dobruška
63%
9 470Nové Město nad Metují
60%
6 872Nový Bydžov
56%
9 057Nová Paka
54%
5 051Česká Skalice
52%
8 268Červený Kostelec
51%
5 779Třebechovice pod Orebem
51%
5 376Chlumec nad Cidlinou
50%
6 122Hronov
48%
6 025Týniště nad Orlicí
43%
6 073Kostelec nad Orlicí
42%
5 606Úpice
34%

Score Distribution

Percentile by Number Answered

Percent of People with Each Score

Your Score History

You have not taken this quiz